ARRUPE JESUIT UNIVERSITY

CORONAVIRUS -STOP THE SPREAD - CLEAN,DISINFECT,COVER

National human rights institutions : (Record no. 122475)

MARC details
000 -LEADER
fixed length control field 02012cam a22004094a 4500
001 - CONTROL NUMBER
control field 9560106
003 - CONTROL NUMBER IDENTIFIER
control field ARRUPE
005 - DATE AND TIME OF LATEST TRANSACTION
control field 20150416142028.0
008 - FIXED-LENGTH DATA ELEMENTS--GENERAL INFORMATION
fixed length control field 110706s2010 nyua b i000 0 eng c
010 ## - LIBRARY OF CONGRESS CONTROL NUMBER
LC control number 2011409543
020 ## - INTERNATIONAL STANDARD BOOK NUMBER
International Standard Book Number 9789211541892
020 ## - INTERNATIONAL STANDARD BOOK NUMBER
International Standard Book Number 9211541891
024 8# - OTHER STANDARD IDENTIFIER
Standard number or code UN Sales Nr.: E 09 XIV 4
035 ## - SYSTEM CONTROL NUMBER
System control number (OCoLC)ocn731924437
035 ## - SYSTEM CONTROL NUMBER
System control number (OCoLC)731924437
035 ## - SYSTEM CONTROL NUMBER
System control number (NNC)9560106
040 ## - CATALOGING SOURCE
Original cataloging agency BTCTA
Language of cataloging eng
Transcribing agency BTCTA
Modifying agency DLC
-- ILI
-- YDXCP
-- DEBBG
-- IG#
-- OCLCQ
042 ## - AUTHENTICATION CODE
Authentication code pcc
050 00 - LIBRARY OF CONGRESS CALL NUMBER
Classification number JC571
Item number .N33255 2010
086 ## - GOVERNMENT DOCUMENT CLASSIFICATION NUMBER
Classification number HR/P/PT/4/Rev. 1
Number source undocs
300 ## - PHYSICAL DESCRIPTION
Other physical details ill. ;
Dimensions 30 cm.
100 ## - MAIN ENTRY--PERSONAL NAME
Personal name Office of the United Nations High Commissioner for Human Rights.
9 (RLIN) 16466
245 00 - TITLE STATEMENT
Title National human rights institutions :
Remainder of title history, principles, roles and responsibilities /
Statement of responsibility, etc Office of the United Nations High Commissioner for Human Rights.
260 ## - PUBLICATION, DISTRIBUTION, ETC. (IMPRINT)
Place of publication, distribution, etc New York :
Name of publisher, distributor, etc United Nations,
Date of publication, distribution, etc 2010.
300 ## - PHYSICAL DESCRIPTION
Extent vi, 211 p. :
490 1# - SERIES STATEMENT
Series statement Professional training series,
International Standard Serial Number 1020-1688 ;
Volume number/sequential designation no. 4/Rev. 1
500 ## - GENERAL NOTE
General note "HR/P/PT/4/Rev. 1"--T.p. verso.
500 ## - GENERAL NOTE
General note "United Nations publication. Sales no. E.09. XIV.4"--T.p. verso.
504 ## - BIBLIOGRAPHY, ETC. NOTE
Bibliography, etc Includes bibliographical references.
505 0# - FORMATTED CONTENTS NOTE
Formatted contents note The United Nations human rights system and national human rights institutions -- Introducing national human rights institutions -- The International Coordinating Committee and the Paris Principles -- Human rights promotion -- Human rights protection -- Advising the government and Parliament -- Monitoring human rights -- Coordination and cooperation -- National human rights institutions in conflict and post-conflict situations -- Supporting national human rights institutions.
530 ## - ADDITIONAL PHYSICAL FORM AVAILABLE NOTE
Additional physical form available note Available both in print and online.
650 #0 - SUBJECT ADDED ENTRY--TOPICAL TERM
Topical term or geographic name as entry element Civil Rights
9 (RLIN) 2221
710 2# - ADDED ENTRY--CORPORATE NAME
Corporate name or jurisdiction name as entry element United Nations.
Subordinate unit Office of the High Commissioner for Human Rights.
9 (RLIN) 16467
830 #0 - SERIES ADDED ENTRY--UNIFORM TITLE
Uniform title Professional training series ;
Volume number/sequential designation no. 4/Rev. 1.
9 (RLIN) 16468
942 ## - ADDED ENTRY ELEMENTS (KOHA)
Source of classification or shelving scheme Library of Congress Classification
Koha item type Monograph ( Printed materials)
948 1# - LOCAL PROCESSING INFORMATION (OCLC); SERIES PART DESIGNATOR (RLIN)
Series part designator, SPT (RLIN) 20120726
b (OCLC) c
c (OCLC) dc21
d (OCLC) MPS
Holdings
Withdrawn status Lost status Source of classification or shelving scheme Damaged status Not for loan Collection code Home library Current library Shelving location Date acquired Total Checkouts Full call number Barcode Date last seen Date checked out Copy number Price effective from Koha item type
    Library of Congress Classification     Main Collection ARRUPE LIBRARY ARRUPE LIBRARY Main Collection 24/03/2015 2 JC571 .U58 2010 46500002668 29/06/2018 06/03/2017 1 24/03/2015 Monograph ( Printed materials)
    Library of Congress Classification     Main Collection ARRUPE LIBRARY ARRUPE LIBRARY Main Collection 24/03/2015   JC571 .U58 2010 46500002669 29/06/2018   2 24/03/2015 Monograph ( Printed materials)

 

Arrupe Library. PO Box MP320 Mt Pleasant, Harare, Zimbabwe
263 242 745411|librarian@aju.ac.zw